Purabharati: (Record no. 36526)

000 -LEADER
fixed length control field 00440nam a22001571a 4500
020 ## - INTERNATIONAL STANDARD BOOK NUMBER
ISBN 9788188934393
082 ## - DEWEY DECIMAL CLASSIFICATION NUMBER
Classification number 934
Item number MAN/P
245 ## - TITLE STATEMENT
Title Purabharati:
Sub Title studies in early historical archaeology and buddhism (vol.1)/
Statement of responsibility, etc by Mani B R (ed.)
260 ## - PUBLICATION, DISTRIBUTION, ETC. (IMPRINT)
Place of publication New Delhi:
Name of publisher Sharada,
Year of publication 2006.
300 ## - PHYSICAL DESCRIPTION
Number of Pages 240p.+plates
650 ## - SUBJECT ADDED ENTRY--TOPICAL TERM
Topical Term History India Ancient
650 ## - SUBJECT ADDED ENTRY--TOPICAL TERM
Topical Term History India
650 ## - SUBJECT ADDED ENTRY--TOPICAL TERM
Topical Term History
700 ## - ADDED ENTRY--PERSONAL NAME
Personal name Saran S C (ed.)
942 ## - ADDED ENTRY ELEMENTS (KOHA)
Koha item type Book
Holdings
Withdrawn status Lost status Damaged status Not for loan Permanent Location Current Location Date acquired Cost, normal purchase price Full call number Accession Number Cost, replacement price Price effective from Koha item type
        Sree Sankaracharya University of Sanskrit Sree Sankaracharya University of Sanskrit 08.01.2015 2450.00 934 MAN/P 072859 0.00 08.01.2015 Book